00534nam a2200205Ia 4500008004100000020001700041050001800058050001800076100001800094245005400112245001700166260001500183260001700198260000900215300001600224300001100240300001100251500002000262650004600282160517s9999 xx 000 0 und d a007-125211-8 aComSc TK 7887 b.M49 2003 c.1 aMeyers, Mike. aIntroduction to PC hardware and troubleshooting / cMike Meyers. aNew York : bMcGraw-Hill, c2003 a447 pages : bill. ; c23 cm. aIncludes index. aMicrocomputers -- Maintenance and repair.